| 000 | 00935cam a22002891 4500 | ||
|---|---|---|---|
| 001 | sa 64001560 | ||
| 003 | DLC | ||
| 005 | 20260227112003.0 | ||
| 008 | 870806s1961 pk b 000 0 eng | ||
| 010 | _asa 64001560 | ||
| 025 | _aPL480:P-E-37 | ||
| 035 | _a(OCoLC)16395276 | ||
| 040 |
_aDLC _cWaU _dDLC |
||
| 041 | 0 | _aengsnd | |
| 042 | _apremarc | ||
| 050 | 0 | 0 |
_aPK2788.9.A2 _bS635 |
| 100 | 1 | _aHotchand, Tirithdas. | |
| 245 | 1 | 0 |
_aShah Abdul Latif's immortal song: the Song of the necklace. _cForeword by A.K. Brohi. |
| 250 | _a[1st ed.] | ||
| 260 |
_aHyderabad, _aSind, _bPardeep Publications _c[1961] |
||
| 300 |
_axii, 112 p. _c19 cm. |
||
| 490 | 0 |
_aPardeep publications, _vno. 2 |
|
| 500 | _aMusic: p. 105-106. | ||
| 500 | _aIncludes text of the song in English and Sindhi. | ||
| 504 | _aBibliography: p. 109-110. | ||
| 600 | 1 | 0 |
_aʻAbd al-Laṭīf, _cShah, _dapproximately 1689-approximately 1752. _tSong of the necklace. |
| 999 |
_c56805 _d56805 |
||